[Event "Ch Montenegro (team) (1 liga)"]
[Site "masterchessopen.com Cetinje (Montenegro)"]
[Date "2011.09.25"]
[Round "3"]
[White "Saranovic Mitar (MNE)"]
[Black "Vujacic Igor (MNE)"]
[Result "0-1"]
[WhiteElo "2146"]
[BlackElo "2169"]

1.e4 c5 2.Nf3 Nc6 3.d4 cxd4 4.Nxd4 Nf6 5.Nc3 d6 6.Bg5 e6 7.Qd2 a6 8.O-O-O h6
9.Be3 Bd7 10.f3 b5 11.Nxc6 Bxc6 12.g4 Qc7 13.Bg2 d5 14.exd5 Nxd5 15.Nxd5 Bxd5
16.f4 Rd8 17.Bxd5 Rxd5 18.Qe2 Rxd1+ 19.Rxd1 Bd6 20.f5 O-O 21.fxe6 Bxh2 22.g5
hxg5 23.Rh1 Bf4 24.e7 Qxe7 {#R} 0-1

[Event "Ch Slovakia (juniors) (under 18)"]
[Site "masterchessopen.com Stara Lubovna (Slovakia)"]
[Date "2012.03.23"]
[Round "8"]
[White "Sosovicka Juraj (SVK)"]
[Black "Stehlik Jan (SVK)"]
[Result "1-0"]
[WhiteElo "2133"]
[BlackElo "2025"]

1.e4 c5 2.Nf3 d6 3.d4 cxd4 4.Nxd4 Nf6 5.Nc3 Nc6 6.Bg5 e6 7.Qd2 a6 8.O-O-O Be7
9.f3 Nxd4 10.Qxd4 b5 11.Kb1 Qc7 12.h4 Bb7 13.Be3 Rc8 14.Qd2 d5 15.e5 Nd7 16.f4
Bb4 17.Bd4 Nb8 18.Nxb5 axb5 19.Bxb5+ Nd7 20.Qxb4 Qxc2+ 21.Ka1 Qc7 22.Be3 Bc6
23.Bxc6 Qxc6 24.Rc1 Qa6 25.Qd6 Qb7 26.Rxc8+ Qxc8 27.Rc1 Qd8 28.Rc7 {#r} 1-0

[Event "Tournament (universities) (under 27)"]
[Site "masterchessopen.com Bucaramanga (Colombia)"]
[Round "5"]
[White "Santoyo Silva Sergio Julian"]
[Black "Echeverry Maria Yesenia (COL)"]
[Result "0-1"]
[WhiteElo "1580"]
[BlackElo "1884"]

1.e4 c5 2.Nf3 Nc6 3.d4 cxd4 4.Nxd4 Nf6 5.Nc3 d6 6.Bg5 e6 7.Qd2 a6 8.f4 h6
9.Bxf6 Qxf6 10.O-O-O Nxd4 11.Qxd4 Qxf4+ 12.Kb1 Qe5 13.Qxe5 dxe5 14.Be2 Bb4
15.Na4 Ba5 16.a3 Bd7 17.Nc5 Bc6 18.Bf3 Bc7 19.Rd2 b6 20.Nd3 O-O 21.Rhd1 a5
22.h4 Rad8 23.g4 f5 24.Nf2 Rxd2 25.Rxd2 fxe4 26.Bxe4 Rxf2 27.Rxf2 Bxe4 {#R}
0-1

[Event "Ch Hong Kong"]
[Site "masterchessopen.com Hong Kong"]
[Date "2012.04.02"]
[Round "5"]
[White "Chong Chor Yuen (HKG)"]
[Black "Luk Luen-Wah (HKG)"]
[Result "1-0"]
[WhiteElo "2075"]
[BlackElo "2215"]

1.e4 c5 2.Nf3 Nc6 3.d4 cxd4 4.Nxd4 Nf6 5.Nc3 d6 6.Bg5 e6 7.Qd2 a6 8.O-O-O h6
9.Be3 Bd7 10.f4 b5 11.Bd3 Be7 12.h3 Qc7 13.Kb1 b4 14.Nce2 e5 15.Nf3 a5 16.g4
Rd8 17.Ng3 d5 18.fxe5 Nxe4 19.Nxe4 dxe4 20.Bxe4 Nxe5 21.Qh2 f6 22.Bg6+ Kf8
23.Rhf1 Bd6 24.Nxe5 Bxe5 25.Qd2 Ke7 26.Qd5 Be6 27.Bc5+ Bd6 28.Rfe1 {#r} 1-0

[Event "Memorial K.Holuj-Radzikowska (w)"]
[Site "masterchessopen.com Warsaw (Poland)"]
[Date "2012.07.04"]
[Round "3"]
[White "Iwanow Anna (POL)"]
[Black "Wisniowska Klaudia (POL)"]
[Result "1-0"]
[WhiteElo "2186"]
[BlackElo "2165"]

1.e4 c5 2.Nf3 d6 3.d4 cxd4 4.Nxd4 Nf6 5.Nc3 Nc6 6.Bg5 e6 7.Qd2 a6 8.f3 Bd7
9.O-O-O h6 10.Be3 b5 11.Nxc6 Bxc6 12.g4 Qc7 13.Bg2 Be7 14.h4 Nd7 15.g5 Ne5
16.gxh6 gxh6 17.f4 Nc4 18.Qe2 Nxe3 19.Qxe3 Qa7 20.Qe1 O-O-O 21.Bh3 Qc5 22.Nd5
Rhe8 23.Qa5 Bxd5 24.exd5 Kb7 25.dxe6 fxe6 26.Kb1 Bf6 {#r} 1-0